00000000nam 2200000za 4500
0019.602975
003CaOODSP
00520210913133737
007cr |||||||||||
008150406s2007||||xxc|||||o    f|0| 0 fre d
040 |aCaOODSP|bfre
043 |an-cn---
0861 |aFs70-4/2007-005F-PDF
1001 |aMeasures, Lena N.
24510|aCompte rendu de l'atelier sur le béluga de l'estuaire du Saint-Laurent – revue du programme des carcasses |h[ressource électronique] : |b14 au 17 novembre 2005, Mont-Joli / |c[par] Lena Measures.
260 |aMont-Joli - Québec : |bPêches et Océans Canada |cMai 2007.
300 |a104 p. : |btableaux
4901 |aSecrétariat canadien de consultation scientifique, série des comptes rendus|v2007/005
504 |aBibliographie.
546 |aEn français avec sommaire bilingue.
590 |a11-31-Supp|b2011-12-13
7101 |aCanada. |bMinistère des pêches et des océans.
77508|tProceedings of the workshop on the St. Lawrence Estuary beluga - review of carcass program : |w(CaOODSP)9.572632
830#0|aSecrétariat canadien de consultation scientifique série des comptes rendus ;|v2007/005. |w(CaOODSP)9.903220
85640|ahttp://publications.gc.ca|qPDF|s617 Ko|uhttps://publications.gc.ca/collections/collection_2011/mpo-dfo/Fs70-4-2007-005-fra.pdf|y2007/005